[Event "Sant Andreu Tram-A"]
[Site "Barcelona"]
[Date "2019.09.21"]
[Round "2"]
[White "Ramon Herraez, Alex"]
[Black "Liarte Genoves, Sergi"]
[Result "1-0"]
[WhiteElo "1874"]
[BlackElo "1992"]
[PlyCount "75"]
[EventDate "2019.09.14"]
[EventType "tourn"]
[EventRounds "9"]
[EventCountry "ESP"]
[SourceTitle "CBM 195 Extra"]
[Source "ChessBase"]
[SourceDate "2020.05.31"]
[SourceVersion "1"]
[SourceVersionDate "2020.05.31"]
[SourceQuality "1"]

1. d4 Nf6 2. Nf3 d5 3. c4 c6 4. e3 Bg4 5. Be2 e6 6. 0-0 Bd6 7. Nc3 0-0 8. c5 Bc7 9. b4 Nbd7 10. b5 Ba5 11. Bb2 Bxc3 12. Bxc3 Ne4 13. Bb4 a5 14. bxa6 bxa6 15. Qa4 a5 16. Be1 Qc7 17. Rb1 Ra7 18. h3 Bxf3 19. Bxf3 f5 20. Bxe4 fxe4 21. Bd2 e5 22. Rfc1 exd4 23. exd4 Rf6 24. Rb3 Qd8 25. Bg5 Qf8 26. Bxf6 Qxf6 27. Rcb1 Ra8 28. Rb7 Qe6 29. Qb3 Rf8 30. Qg3 Qf5 31. R1b2 h5 32. Rc7 g5 33. Rbb7 Rf7 34. Rxc6 h4 35. Qe3 Rf8 36. Rcc7 Nf6 37. Rg7+ Kh8 38. Qxg5 1-0

[Event "Barcelona Sant Marti op-B 15th"]
[Site "Barcelona"]
[Date "2013.07.20"]
[Round "8"]
[White "Liarte Genoves, Sergi"]
[Black "Martin Sanchez, Antoni"]
[Result "1-0"]
[WhiteElo "1880"]
[BlackElo "1730"]
[PlyCount "37"]
[EventDate "2013.07.13"]
[EventType "swiss"]
[EventRounds "9"]
[EventCountry "ESP"]
[SourceTitle "CBM 155 Extra"]
[Source "ChessBase"]
[SourceDate "2013.08.26"]
[SourceVersion "1"]
[SourceVersionDate "2013.08.26"]
[SourceQuality "1"]

1. e4 e6 2. d4 d5 3. Nc3 a6 4. Nf3 Nf6 5. e5 Nfd7 6. Bd3 c5 7. dxc5 Nxc5 8. 0-0 Nc6 9. Re1 Nxd3 10. cxd3 g6 11. Bg5 Be7 12. Bh6 Bd7 13. Qd2 Rc8 14. Bg7 Rg8 15. Qh6 Bf8 16. Bxf8 Rxf8 17. Ng5 Ke7 18. Nxh7 Rh8 19. Qh4+ 1-0

[Event "Barcelona Sant Marti op-B 15th"]
[Site "Barcelona"]
[Date "2013.07.16"]
[Round "4"]
[White "Liarte Genoves, Sergi"]
[Black "Collell Rodriguez, Victor"]
[Result "1/2-1/2"]
[WhiteElo "1880"]
[BlackElo "1650"]
[PlyCount "103"]
[EventDate "2013.07.13"]
[EventType "swiss"]
[EventRounds "9"]
[EventCountry "ESP"]
[SourceTitle "CBM 155 Extra"]
[Source "ChessBase"]
[SourceDate "2013.08.26"]
[SourceVersion "1"]
[SourceVersionDate "2013.08.26"]
[SourceQuality "1"]

1. e4 e5 2. Nf3 Nc6 3. c3 Nf6 4. d4 exd4 5. e5 Nd5 6. Qb3 Nb6 7. cxd4 Bb4+ 8. Nc3 d5 9. Bb5 Bxc3+ 10. Qxc3 Bd7 11. Bg5 Ne7 12. Bd3 c6 13. 0-0 h6 14. Bxe7 Qxe7 15. b4 0-0 16. a4 Bg4 17. a5 Nd7 18. Nd2 Rac8 19. h3 Be6 20. f4 f5 21. exf6 Qxf6 22. f5 Bf7 23. g4 c5 24. Nf3 c4 25. Bc2 Qd6 26. Kg2 Rfe8 27. Rfe1 Rxe1 28. Rxe1 Re8 29. Rxe8+ Bxe8 30. Qe3 Kf8 31. b5 Qb4 32. Ne5 Qxb5 33. Ng6+ Bxg6 34. fxg6 Qxa5 35. Qf4+ Ke7 36. Qf7+ Kd6 37. Qf4+ Ke7 38. Qe3+ Kd6 39. Kg3 Kc6 40. Qe6+ Kc7 41. Bf5 Qa3+ 42. Kg2 Qd6 43. Qf7 c3 44. Qxg7 Qc6 45. Qxd7+ Qxd7 46. Bxd7 c2 47. g7 c1Q 48. g8Q Qd2+ 49. Kg3 Qe1+ 50. Kf4 Qe4+ 51. Kg3 Qe1+ 52. Kf4 1/2-1/2

[Event "Catalunya-ch U16"]
[Site "Vila Seca"]
[Date "2012.04.03"]
[Round "6"]
[White "Liarte Genoves, Sergi"]
[Black "Pozanco Romasanta, Marc"]
[Result "1-0"]
[WhiteElo "1797"]
[BlackElo "1991"]
[PlyCount "61"]
[EventDate "2012.03.31"]
[EventType "swiss"]
[EventRounds "9"]
[EventCountry "ESP"]
[SourceTitle "EXT 2015"]
[Source "ChessBase"]
[SourceDate "2014.11.20"]
[SourceVersion "1"]
[SourceVersionDate "2014.11.20"]
[SourceQuality "1"]

1. e4 c5 2. Nc3 e6 3. Bc4 Nc6 4. f4 Nge7 5. d3 d5 6. Bb3 g6 7. Nf3 Bg7 8. 0-0 0-0 9. Qe1 b6 10. f5 exf5 11. Qh4 fxe4 12. dxe4 c4 13. Ba4 d4 14. Nd5 f6 15. Bh6 Be6 16. Nxf6+ Bxf6 17. Ng5 Bxg5 18. Bxg5 Qc7 19. Bh6 Rxf1+ 20. Rxf1 Qe5 21. Rf6 a6 22. Qf2 Bf5 23. Bxc6 Nxc6 24. Rxc6 Qxe4 25. Rxc4 Rd8 26. h3 b5 27. Rc7 Re8 28. g4 Be6 29. Rg7+ Kh8 30. Re7 Rxe7 31. Qf6+ 1-0

[Event "Catalunya-ch U16"]
[Site "Vila Seca"]
[Date "2012.04.01"]
[Round "2"]
[White "Liarte Genoves, Sergi"]
[Black "Diaz Camallonga, Carles"]
[Result "0-1"]
[WhiteElo "1797"]
[BlackElo "2039"]
[PlyCount "68"]
[EventDate "2012.03.31"]
[EventType "swiss"]
[EventRounds "9"]
[EventCountry "ESP"]
[SourceTitle "EXT 2015"]
[Source "ChessBase"]
[SourceDate "2014.11.20"]
[SourceVersion "1"]
[SourceVersionDate "2014.11.20"]
[SourceQuality "1"]

1. e4 c5 2. Nc3 Nc6 3. Bc4 g6 4. f4 Bg7 5. Nf3 e6 6. d3 Nge7 7. 0-0 0-0 8. Qe1 d5 9. Bb3 Nd4 10. Nxd4 cxd4 11. Ne2 Bd7 12. Kh1 a5 13. a4 dxe4 14. dxe4 Bc6 15. Ng3 Qd7 16. Qf2 b5 17. f5 exf5 18. exf5 Nxf5 19. Nxf5 Qxf5 20. Qxf5 gxf5 21. axb5 Be4 22. Rf2 Rfb8 23. Bc4 Be5 24. Bf4 Bxf4 25. Rxf4 Rb6 26. Re1 Ra7 27. Kg1 Rc7 28. Bd3 Bxd3 29. cxd3 Rxb5 30. Rxd4 Rxb2 31. Rd5 Rcc2 32. Rxf5 Rxg2+ 33. Kf1 Rxh2 34. Rxa5 Rh1# 0-1

[Event "Mollet del Valles op 2nd"]
[Site "Mollet del Valles"]
[Date "2011.05.14"]
[Round "3"]
[White "Montllor Aguilera, Francisco"]
[Black "Liarte Genoves, Sergi"]
[Result "1-0"]
[WhiteElo "1668"]
[BlackElo "1733"]
[PlyCount "79"]
[EventDate "2011.04.30"]
[EventType "swiss"]
[EventRounds "8"]
[EventCountry "ESP"]
[SourceTitle "EXT 2024"]
[Source "ChessBase"]
[SourceDate "2023.10.10"]
[SourceVersion "1"]
[SourceVersionDate "2023.10.10"]
[SourceQuality "1"]

1. d4 e6 2. e4 d5 3. exd5 exd5 4. Nf3 Ne7 5. Be2 Nbc6 6. c3 Bf5 7. Bd3 Bxd3 8. Qxd3 Ng6 9. 0-0 Be7 10. Be3 0-0 11. Nbd2 Qd7 12. h3 Nd8 13. Rfe1 Ne6 14. Qf5 Rad8 15. Ne5 Nxe5 16. Qxe5 Bf6 17. Qg3 b6 18. Nf3 g6 19. Ng5 Bg7 20. Nxe6 fxe6 21. Bg5 Rde8 22. Re2 c5 23. dxc5 bxc5 24. Rae1 Rf5 25. Bf4 Ref8 26. Bd6 Rc8 27. Rxe6 Rc6 28. Re8+ Bf8 29. Bxf8 Rxf8 30. R8e7 Qf5 31. Rxa7 Rf7 32. Re8+ Kg7 33. Rxf7+ Qxf7 34. Qe5+ Kh6 35. Re7 Qf8 36. Qe3+ g5 37. Re6+ Rxe6 38. Qxe6+ Kh5 39. Qxd5 Qf4 40. Qf3+ 1-0